MARC

LEADER 00000nam0a2200000 4500
001 374872
005 20231101051344.0
010 |a 5279002348 
020 |a RU  |b 89-61899 
035 |a (RuTPU)RU\TPU\retro\32307 
035 |a RU\TPU\book\226419 
090 |a 374872 
100 |a 20221219d1989 km y0rusy5003 ca 
101 0 |a rus 
102 |a RU 
105 |a y z 001zy 
200 1 |a Работа на микроЭВМ  |f Т. М. Александриди [и др.] 
210 |a Москва  |c Финансы и статистика  |d 1989 
215 |a 141 с. 
300 |a Авт. указаны на обороте тит. л. 
320 |a Библиогр.: с. 133 (7 назв.). 
610 1 |a микро-ЭВМ 
610 1 |a операционные системы 
610 1 |a языки программирования 
610 1 |a Бейсик 
610 1 |a Фортран 
610 1 |a текстовые редакторы 
675 |a 681.322-181.4.004  |z rus  |v 3 
701 1 |a Александриди  |b Т. М.  |g Тамара Миновна 
701 1 |a Иванов  |b А. И.  |g Алексей Игоревич 
701 1 |a Каганов  |b Ю. Л.  |g Юрий Львович 
701 1 |a Покрас  |b Ю. Л.  |g Юрий Львович 
801 0 |a RU  |b RuMRKP  |c 19950417  |g psbo 
801 1 |a RU  |b 63413507  |c 20120125 
801 2 |a RU  |b 63413507  |c 20221219  |g RCR 
942 |c BK